| 000 | 00792nam0a22002411 4500 | ||
|---|---|---|---|
| 001 | rc\3030472 | ||
| 005 | 20250530020255.0 | ||
| 035 | _a(NLR Aleph) 007171442 | ||
| 090 |
_a7350148 _c7350148 |
||
| 100 | _a20110930d1936 |||y0rusy50 ca | ||
| 101 | 0 | _arus | |
| 102 | _aRU | ||
| 105 | _ay z ||||| | ||
| 200 | 1 |
_aТойво Антикайнен _fГ. Ровио |
|
| 210 |
_aМосква _cИзд-во ЦК МОПР СССР _d1936 _gтип. Мособлисполкома |
||
| 215 |
_aОбл., 51 с., 1 с. объявл. _d14×11 см |
||
| 700 | 1 |
_7ca _8rus _aРовио _bГ. С. _f1887-1938 _gГустав Семёнович _9217669 _3RU\NLR\AUTH\770217725 |
|
| 801 | 0 |
_aRU _bNLR _gpsbo |
|
| 801 | 1 |
_aRU _bELAR _2rusmarc |
|
| 852 |
_aNLR _j36-8/332 |
||
| 942 | _cBOOK | ||
| 980 | _aNB | ||